| 000 | 00737nam a2200217 a 4500 | ||
|---|---|---|---|
| 005 | 20210223120811.0 | ||
| 008 | 991125s1951 mx 000 0 spa u | ||
| 035 | _aUPN01000007380 | ||
| 049 | _aSEP | ||
| 050 | 4 |
_aLB3545 M6 _bL5.4 |
|
| 100 | 1 | _aLima, Salvador M. | |
| 245 | 1 | 3 |
_aEl centenario de Sor Juana Inés de la Cruz y la escuela primaria / _cSalvador M. Lima, Abel Gámiz. |
| 260 |
_aMéxico : _bSEP, _c1951. |
||
| 300 | _a23 p. | ||
| 500 | _aDisponible en la Colección Medina | ||
| 600 | 0 | 4 |
_aJUANA INES DE LA CRUZ, _cSOR, _d1651-1695 - _xANIVERSARIOS, ETC. _98794 |
| 650 | 4 |
_aANIVERSARIOS _94801 |
|
| 650 | 4 |
_aESCUELAS - _xEJERCICIOS Y RECREACIONES - _zMEXICO _921754 |
|
| 700 | 1 |
_aGámiz Olivas, Abel, _ecoaut. |
|
| 905 | _aLibro | ||
| 999 |
_c7380 _d7380 |
||